[Event "BRA Universities op"]
[Site "Goiania"]
[Date "2012.06.15"]
[Round "5"]
[White "Da Costa, Anderson Carvalho"]
[Black "Diniz, Plinio Lucio Lima"]
[Result "0-1"]
[WhiteElo "1798"]
[BlackElo "1800"]
[PlyCount "168"]
[EventDate "2012.06.13"]
[EventType "swiss"]
[EventRounds "7"]
[EventCountry "BRA"]
[SourceTitle "CBM 149 Extra"]
[Source "ChessBase"]
[SourceDate "2012.08.24"]
[SourceVersion "1"]
[SourceVersionDate "2012.08.24"]
[SourceQuality "1"]

1. e4 c6 2. d4 d5 3. Nc3 dxe4 4. Nxe4 Bf5 5. Ng3 Bg6 6. Nf3 Nf6 7. Bf4 e6 8. Bd3 Bxd3 9. Qxd3 Bd6 10. Bxd6 Qxd6 11. h3 Qb4+ 12. Qc3 Qxc3+ 13. bxc3 Nbd7 14. 0-0 0-0 15. Rab1 Rab8 16. Rfe1 Rfc8 17. Ne5 Nxe5 18. Rxe5 b6 19. c4 Nd7 20. Rg5 h6 21. Rg4 Nf6 22. Rf4 c5 23. Rd1 cxd4 24. Rfxd4 Rc5 25. Rd8+ Rxd8 26. Rxd8+ Kh7 27. Ra8 Ra5 28. Rf8 Kg6 29. Ne2 Rxa2 30. Nf4+ Kf5 31. Ne2 g5 32. Rxf7 Kg6 33. Re7 Rxc2 34. Nd4 Rxc4 35. Nxe6 Nd5 36. Rxa7 Kf5 37. Ng7+ Ke5 38. Ra8 Rc7 39. Nh5 Nf4 40. Re8+ Kd4 41. Ng3 Kc4 42. Nf5 Rc6 43. Re5 Kb4 44. Re4+ Ka5 45. Nd4 Rc1+ 46. Kh2 Ka6 47. Nb3 Rc3 48. Nd2 Rc6 49. Ra4+ Kb7 50. Ne4 b5 51. Rb4 Kb6 52. g3 Nd5 53. Rd4 Nf6 54. Nd6 Kc5 55. Nxb5 Kxb5 56. Rd2 h5 57. Re2 Rc5 58. Re6 Rf5 59. Kg2 Kc5 60. Ra6 Kd4 61. Ra4+ Ke5 62. Ra2 Ke6 63. Ra7 Rd5 64. Rb7 Kf5 65. Rb4 Ne4 66. g4+ hxg4 67. hxg4+ Kf4 68. Rb7 Rd2 69. Rf7+ Kxg4 70. Kg1 Rd3 71. Kg2 Nd2 72. Rb7 Rf3 73. Rb4+ Rf4 74. Rb2 Ne4 75. Kg1 Nxf2 76. Kh2 Nd3 77. Rb3 Rf2+ 78. Kg1 Rd2 79. Rb1 Kg3 80. Ra1 g4 81. Rb1 Rc2 82. Rd1 Rc1 83. Rxc1 Nxc1 84. Kh1 Kf2 0-1

[Event "BRA Universities op"]
[Site "Goiania"]
[Date "2012.06.15"]
[Round "6"]
[White "Diniz, Plinio Lucio Lima"]
[Black "Chaves, Thiago de Melo Neve"]
[Result "0-1"]
[WhiteElo "1800"]
[BlackElo "1948"]
[PlyCount "104"]
[EventDate "2012.06.13"]
[EventType "swiss"]
[EventRounds "7"]
[EventCountry "BRA"]
[SourceTitle "CBM 149 Extra"]
[Source "ChessBase"]
[SourceDate "2012.08.24"]
[SourceVersion "1"]
[SourceVersionDate "2012.08.24"]
[SourceQuality "1"]

1. d4 Nf6 2. c4 g6 3. Nc3 Bg7 4. Nf3 0-0 5. e3 d6 6. Bd3 Nbd7 7. 0-0 e5 8. d5 Re8 9. e4 Nc5 10. Bc2 a5 11. Be3 Na6 12. a3 Ng4 13. Bd2 Rf8 14. h3 Nh6 15. Bg5 f6 16. Bh4 Qe8 17. b4 b6 18. Bg3 f5 19. Re1 Bd7 20. Rb1 Qe7 21. Qd2 f4 22. Bh2 g5 23. Kf1 g4 24. hxg4 Bxg4 25. Bd1 Rf6 26. Nh4 Rff8 27. Bxg4 Nxg4 28. Nf3 Nxh2+ 29. Nxh2 Rf6 30. Ke2 Bh6 31. Nf3 Rg6 32. Rh1 Qg7 33. Rbg1 axb4 34. axb4 Nxb4 35. Qb2 c5 36. Nh4 Rf6 37. Nf5 Qf8 38. g3 f3+ 39. Kxf3 Rxf5+ 40. exf5 Qxf5+ 41. Kg2 Nd3 42. Qe2 Bg7 43. Rh5 Qg6 44. Kh1 Nxf2+ 45. Kg2 Nd3 46. Kh2 Rf8 47. Kh3 Nf4+ 48. gxf4 Qxg1 49. f5 Ra8 50. Ne4 Ra3+ 51. Kh4 Re3 52. Qf2 Rxe4+ 0-1